Keyboard shortcuts on Microsoft Word - Statistics

General Stats
  • This quiz has been taken 333 times
  • The average score is 10 of 26
Answer Stats
Hint Answer % Correct
Ctrl+C Copy the selected text or object
95%
Ctrl+V Paste text or an object
82%
Ctrl+A Extend a selection to include the entire document.
72%
Ctrl+B Apply bold formatting
68%
Ctrl+Z Undo an action
68%
Ctrl+X Cut the selected text or object
63%
Ctrl+I Apply italic formatting
56%
Ctrl+S Save a document
56%
Ctrl+F Find text, formatting, and special items
55%
Ctrl+P Print a document
54%
Ctrl+U Make letters underline
50%
Ctrl+Y Redo or repeat an action
49%
Ctrl+O Open a document
46%
Ctrl+N Create a new document of the same type as the current or most recent document
44%
Ctrl+W Close the active window
21%
Ctrl+H Replace text, specific formatting, and special items
18%
Ctrl+E Switch a paragraph between centered and left-aligned
18%
Ctrl+L Left align a paragraph
16%
Ctrl+R Switch a paragraph between right-aligned and left-aligned
16%
Ctrl+J Switch a paragraph between justified and left-aligned
15%
Ctrl+K Insert a hyperlink
13%
Ctrl+G Go to a page, bookmark, footnote, table, comment, graphic, or other location
10%
Ctrl+D Open the Font dialog box to change the formatting of characters
9%
Ctrl+T Create a hanging indent
3%
Ctrl+M Indent a paragraph from the left
3%
Ctrl+Q Remove paragraph formatting
3%
No matching quizzes found
Score Distribution
Percent of People with Each Score
Percentile by Number Answered
Your Score History
You have not taken this quiz